[Event "Master Open"]
[Site "Voronezh"]
[Date "2017.06.21"]
[Round "9.63"]
[White "Lingur, Zalina"]
[Black "Bezgodova, Svetlana"]
[Result "1/2-1/2"]
[WhiteElo "2125"]
[BlackElo "2038"]
[Annotator ""]
[Source ""]
[Remark ""]

1.c4 Nf6 2.Nc3 d6 3.e4 e5 4.g3 Be7 5.Bg2 O-O 6.Nge2 c6 7.O-O
Be6 8.b3 Qc8 9.d4 Bh3 10.f4 Re8 11.Bb2 Bf8 12.Qc2 Na6 13.Rae1
Bxg2 14.Kxg2 b5 15.h3 Rb8 16.fxe5 dxe5 17.dxe5 Nd7 18.e6 fxe6
19.e5 bxc4 20.Nf4 cxb3 21.axb3 Nac5 22.Re2 Nxb3 23.Ne4 c5 24.Ng5
g6 25.Nxg6 Nd4 26.Bxd4 cxd4 27.Qd3 Qb7+ 28.Kh2 Nc5 29.Qxd4 Qg7
30.Nxf8 Rxf8 31.Rxf8+ Qxf8 32.Rf2 Qe7 33.Qh4 Nd3 34.Rf7 Rb2+
35.Kh1 Nf2+ 36.Kg1 Nxh3+ 37.Qxh3 Qc5+ 38.Kh1 Qd5+ 39.Kg1 Rb1+
40.Rf1 Qd4+ 41.Kg2 Rb2+ 42.Kh1 Qd5+ 43.Nf3 a5 44.Qg4+ Kh8 45.Qf4
Kg8 46.Rc1 Rb8 47.Kh2 Qd7 48.Qg5+ Kh8 49.Qf6+ Kg8 50.Rc4 Rb4
51.Rc2 Rb8 52.Rd2 Qf7 53.Qg5+ Kh8 54.Qf4 Qg6 55.Ng5 a4 56.Nf7+
Kg7 57.Nd6 a3 58.Rf2 Ra8 59.Qf7+ Qxf7 60.Rxf7+ Kg6 61.Rf1 a2
62.Ra1 Ra3 63.Kg2 h5 64.Kf2 Kg5 65.Nc4 Ra4 66.Nb2 Ra3 67.Nc4
Ra4 68.Ne3 Ra5 69.Kf3 Ra4 70.Kf2 Ra5 71.Nd1 Ra3 72.Ne3 1/2-1/2

[Event "Master Open"]
[Site "Voronezh"]
[Date "2017.06.21"]
[Round "9.64"]
[White "Sakorenko, Adriana"]
[Black "Ioffe, Ilya"]
[Result "1-0"]
[WhiteElo "2140"]
[BlackElo "2214"]
[Annotator ""]
[Source ""]
[Remark ""]

1.d4 d5 2.Nf3 Nf6 3.Bf4 c5 4.e3 Nc6 5.c3 Qb6 6.Qc1 g6 7.Nbd2
Bg7 8.h3 O-O 9.Be2 Nd7 10.O-O e5 11.dxe5 Ndxe5 12.Rd1 Be6 13.Nxe5
Nxe5 14.Nf3 Nxf3+ 15.Bxf3 Rfd8 16.Qc2 Bf5 17.Qb3 Be4 18.Qxb6
axb6 19.Bxe4 dxe4 20.Bc7 Rd3 21.Rxd3 exd3 22.Bxb6 c4 23.a4 f5
24.Kf1 Kf7 25.Ke1 Ke6 26.Kd2 Kd5 27.a5 Be5 28.b3 Rc8 29.bxc4+
Kxc4 30.Bd4 Bd6 31.Bb6 Be5 32.Ra4+ Kb3 33.Rb4+ Ka3 34.Bd4 Bc7
35.Rxb7 Bxa5 36.Ra7 Ka4 37.Bb6 1-0

[Event "Master Open"]
[Site "Voronezh"]
[Date "2017.06.21"]
[Round "9.65"]
[White "Hart, Alexander"]
[Black "Sarvesh, Kumar A"]
[Result "1/2-1/2"]
[WhiteElo "1918"]
[BlackElo "1905"]
[Annotator ""]
[Source ""]
[Remark ""]

1.d4 Nf6 2.c4 e6 3.Nf3 b6 4.g3 Bb7 5.Bg2 Bb4+ 6.Bd2 c5 7.Bxb4
cxb4 8.O-O O-O 9.Nbd2 d5 10.Qb3 Nc6 11.a3 a5 12.cxd5 Qxd5 13.Qxd5
exd5 14.Rfc1 Ne4 15.Nf1 bxa3 16.bxa3 Rab8 17.Ne3 Rfd8 18.Rab1
Ba8 19.Rb5 Na7 20.Rb2 b5 21.Rc7 Nc6 22.Bh3 Nf6 23.Nf5 Rb6 24.Ng5
Rf8 25.e3 h6 26.Nf3 b4 27.axb4 axb4 28.Ne1 Ne8 29.Rd7 Nf6 30.Rd6
Rd8 31.Nxh6+ gxh6 32.Rxf6 Kg7 33.Rf4 Na5 34.Nd3 b3 35.Ne5 Nc4
36.Rxf7+ Kg8 37.Nxc4 dxc4 38.Rc7 Bd5 39.Bf1 Ra8 40.Rxc4 Ra2 41.Rb1
Be4 42.Rcc1 Bxb1 43.Bc4+ Kf8 44.Rxb1 Ra3 45.Rb2 Rb4 46.Bd5 Ke7
47.Kg2 Kd6 1/2-1/2

[Event "Master Open"]
[Site "Voronezh"]
[Date "2017.06.21"]
[Round "9.2"]
[White "Grachev, Boris"]
[Black "Tran, Tuan Minh"]
[Result "1/2-1/2"]
[WhiteElo "2648"]
[BlackElo "2541"]
[Annotator ""]
[Source ""]
[Remark ""]

1.d4 Nf6 2.c4 e6 3.Nf3 b6 4.g3 Bb7 5.Bg2 Be7 6.O-O O-O 7.Nc3
Ne4 8.Qc2 Nxc3 9.Qxc3 c5 10.Bf4 d6 11.Rad1 Nc6 12.Qd3 Nb4 13.Qb1
f5 14.a3 Be4 15.Qc1 Na6 16.Qd2 cxd4 17.Nxd4 Bxg2 18.Kxg2 Qc8
19.Nb5 Rd8 20.Qc1 e5 21.Bg5 Bxg5 22.Qxg5 Qxc4 23.Nc3 Qe6 24.Nd5
Rd7 25.Qc1 Rad8 26.b4 Qf7 27.Qc6 h6 28.Rc1 Nc7 29.Nxc7 Rc8 30.Qb7
Rcxc7 31.Qa8+ Kh7 32.Rxc7 Rxc7 33.Rd1 Qe6 34.Rd2 Qe7 35.Qd5 Rd7
36.f4 exf4 37.Qxf5+ Kg8 38.Qxf4 Qe6 39.e4 Rf7 40.Qe3 Qf6 41.Qd3
Qg6 42.Rf2 1/2-1/2

[Event "Master Open"]
[Site "Voronezh"]
[Date "2017.06.21"]
[Round "9.3"]
[White "Chigaev, Maksim"]
[Black "Iljiushenok, Ilia"]
[Result "1-0"]
[WhiteElo "2561"]
[BlackElo "2496"]
[Annotator ""]
[Source ""]
[Remark ""]

1.c4 Nf6 2.Nc3 g6 3.g3 Bg7 4.Bg2 O-O 5.d4 d6 6.Nf3 Nc6 7.O-O
a6 8.h3 Bd7 9.Be3 Rb8 10.Rc1 b5 11.Nd2 e5 12.d5 Ne7 13.cxb5 axb5
14.b4 Nh5 15.g4 Nf4 16.Bxf4 exf4 17.Nf3 Nc8 18.Nd4 Qf6 19.Nc6
Rb7 20.Qd3 Qh4 21.Na5 Rb6 22.Ne4 f5 23.gxf5 f3 24.Qxf3 gxf5 25.Ng3
f4 26.Nh5 Be5 27.Rxc7 Qd8 28.Rfc1 Ne7 29.e3 Ng6 30.exf4 Nxf4
31.Qg3+ Kh8 32.Nxf4 Bxf4 33.Qc3+ Be5 34.Qe3 Ra6 35.Nb7 Qh4 36.Rxd7
Rxa2 37.Nxd6 Bd4 38.Nf7+ Kg8 39.Nh6+ Kh8 40.Rxh7+ 1-0

[Event "Master Open"]
[Site "Voronezh"]
[Date "2017.06.21"]
[Round "9.4"]
[White "Maiorov, Nikita"]
[Black "Lintchevski, Daniil"]
[Result "0-1"]
[WhiteElo "2521"]
[BlackElo "2532"]
[Annotator ""]
[Source ""]
[Remark ""]

1.d4 d5 2.c4 dxc4 3.Nf3 a6 4.e3 Nf6 5.Bxc4 e6 6.a4 c5 7.O-O Nc6
8.Qe2 cxd4 9.Rd1 Be7 10.exd4 O-O 11.Nc3 Nd5 12.Bd3 Ncb4 13.Bb1
b6 14.Qe4 g6 15.Ne5 Bb7 16.Qg4 Bf6 17.Bh6 Bg7 18.Bxg7 Kxg7 19.Ra3
Nf6 20.Qg3 Rc8 21.Ne2 a5 22.h4 Nh5 23.Qh3 Nd5 24.Qh2 f6 25.Ng4
Qc7 26.Qxc7+ Rxc7 27.Nc3 Nxc3 28.bxc3 Nf4 29.Re1 Bxg2 30.Be4
Bxe4 31.Rxe4 Nh3+ 32.Kg2 f5 33.Kxh3 fxe4 34.Kg2 Rf4 35.Ne3 Rxh4
36.Rb3 Rc6 37.c4 Rh5 38.Kg3 Rd6 39.d5 exd5 40.cxd5 Rhxd5 41.Nxd5
Rxd5 42.Rxb6 Rd4 0-1

[Event "Master Open"]
[Site "Voronezh"]
[Date "2017.06.21"]
[Round "9.5"]
[White "Pridorozhni, Aleksei"]
[Black "Mozharov, Mikhail"]
[Result "1/2-1/2"]
[WhiteElo "2540"]
[BlackElo "2536"]
[Annotator ""]
[Source ""]
[Remark ""]

1.e4 c6 2.Nc3 d5 3.Nf3 Bg4 4.h3 Bxf3 5.Qxf3 e6 6.d3 Nd7 7.g3
Bc5 8.Bg2 Ne7 9.O-O O-O 10.Qe2 a5 11.Kh1 b5 12.f4 b4 13.Na4 Ba7
14.c4 Nc5 15.Nxc5 Bxc5 16.cxd5 cxd5 17.f5 exf5 18.exf5 Bd4 19.Be3
Bf6 20.Rac1 Rc8 21.g4 Rxc1 22.Rxc1 d4 23.Bf4 Nd5 24.Bxd5 Qxd5+
25.Qe4 Qxe4+ 26.dxe4 h6 27.Kg2 Re8 28.Kf3 d3 29.b3 Bc3 30.Rd1
Rd8 31.Bc7 Rc8 32.Bb6 Rb8 33.Be3 Rd8 34.Bb6 Rb8 35.Be3 Rd8 36.Bb6 1/2-1/2

[Event "Master Open"]
[Site "Voronezh"]
[Date "2017.06.21"]
[Round "9.6"]
[White "Golubov, Saveliy"]
[Black "Ponkratov, Pavel"]
[Result "0-1"]
[WhiteElo "2504"]
[BlackElo "2595"]
[Annotator ""]
[Source ""]
[Remark ""]

1.d4 Nf6 2.Nf3 c5 3.e3 g6 4.Bd3 Bg7 5.O-O b6 6.e4 cxd4 7.e5 Ng4
8.Re1 Nc6 9.Bf4 f6 10.exf6 Nxf6 11.Bc4 e6 12.Bd6 Ng8 13.c3 Nge7
14.cxd4 Nf5 15.Be5 Nxe5 16.dxe5 O-O 17.Nbd2 Bb7 18.Bd3 Bd5 19.Be4
Ne7 20.Bxd5 Nxd5 21.Nf1 Bh6 22.Ne3 Nxe3 23.fxe3 Rc8 24.Qd3 Qc7
25.Rad1 Rf7 26.Qe4 Qc2 27.Qxc2 Rxc2 28.Rd2 Rc5 29.Rd3 Kf8 30.Ra3
a5 31.Rc3 Rxc3 32.bxc3 Ke7 33.Kf2 Rf8 34.Ke2 Rc8 35.Kd3 b5 36.Rb1
Rc5 37.Nd4 Rxe5 38.e4 Rg5 39.g3 Rh5 40.Nf3 Bg7 41.e5 Rf5 42.Ke4
d5+ 43.exd6+ Kxd6 44.Rc1 Rc5 45.Kd3 Rd5+ 46.Kc2 Rf5 47.Rd1+ Kc6
48.Rd3 e5 49.g4 Rf4 50.Nd2 Rxg4 0-1

[Event "Master Open"]
[Site "Voronezh"]
[Date "2017.06.21"]
[Round "9.7"]
[White "Shyam, Sundar M."]
[Black "Paravyan, David"]
[Result "0-1"]
[WhiteElo "2535"]
[BlackElo "2521"]
[Annotator ""]
[Source ""]
[Remark ""]

1.e4 e5 2.Bc4 Nf6 3.d3 Nc6 4.Nf3 Bc5 5.O-O d6 6.c3 a6 7.a4 O-O
8.Bg5 h6 9.Bh4 Kh8 10.d4 Ba7 11.dxe5 Nxe5 12.Nxe5 dxe5 13.Qxd8
Rxd8 14.Bxf6 gxf6 15.Bxf7 Kg7 16.Bb3 f5 17.Bc2 f4 18.Na3 Be6
19.Rad1 Bg4 20.Rc1 Kf6 21.h3 Be6 22.Rcd1 Rg8 23.Kh2 Rg5 24.f3
Rag8 25.Rd2 Rh5 26.Kh1 Rg3 27.Rfd1 Be3 28.Nb1 Bxd2 29.Rxd2 Bxh3
30.gxh3 Rgxh3+ 31.Kg2 Rh1 0-1

[Event "Master Open"]
[Site "Voronezh"]
[Date "2017.06.21"]
[Round "9.8"]
[White "Moiseenko, Vadim"]
[Black "Gavrilov, Alexei"]
[Result "1-0"]
[WhiteElo "2528"]
[BlackElo "2495"]
[Annotator ""]
[Source ""]
[Remark ""]

1.e4 c6 2.d4 d5 3.f3 g6 4.c3 Bg7 5.Bg5 Nd7 6.exd5 cxd5 7.Nd2
Ngf6 8.Bd3 O-O 9.f4 Qc7 10.Nh3 Nb6 11.Qf3 Bg4 12.Qg3 Qd7 13.Nf2
Bf5 14.O-O Bxd3 15.Nxd3 Ne4 16.Qe3 f5 17.Kh1 e6 18.Rf3 Rac8 19.Rh3
Qb5 20.Qe1 Nc4 21.a4 Qa6 22.Nxc4 Qxc4 23.Bh6 Bxh6 24.Qh4 Rc7
25.Qxh6 Qb3 26.Qh4 a5 27.Re3 Qc2 28.h3 Rg7 29.Kh2 b6 30.Qe1 h6
31.Nc1 Qxb2 32.Ra2 Qb1 33.Ree2 Nd6 34.Rab2 Qa1 35.Rxb6 Ne4 36.Ra2
Qxc3 37.Qxc3 Nxc3 38.Rc2 Ne4 39.Rxe6 Rb8 40.Nd3 Kh7 41.Rcc6 h5
42.Ne5 Rb4 43.Nxg6 Rxa4 44.Ne7 Rf7 45.Rh6+ Kg7 46.Nxd5 Kf8 47.Rhg6
Rg7 48.Rxg7 Kxg7 49.Ne3 Nf6 50.Nxf5+ Kf7 51.Ra6 Nd5 52.Kg3 Ra3+
53.Kh4 Nxf4 54.g3 Ne2 55.d5 Rf3 56.Kg5 Rd3 57.Ra7+ Kf8 58.Kf6
Ke8 59.Re7+ Kd8 60.Rxe2 Rxd5 61.Re4 Kc7 62.g4 hxg4 63.hxg4 Kb6
64.g5 Rd8 65.g6 Kb5 66.g7 a4 67.Nd4+ Kb6 68.Ne6 1-0

[Event "Master Open"]
[Site "Voronezh"]
[Date "2017.06.21"]
[Round "9.9"]
[White "Nihal, Sarin"]
[Black "Yudin, Sergei"]
[Result "1-0"]
[WhiteElo "2454"]
[BlackElo "2522"]
[Annotator ""]
[Source ""]
[Remark ""]

1.d4 d5 2.c4 e6 3.Nf3 c6 4.e3 Bd6 5.b3 f5 6.Bd3 Nf6 7.O-O Qe7
8.Bb2 O-O 9.Qc1 Ne4 10.Ba3 Nd7 11.Bxd6 Qxd6 12.Nc3 b6 13.Ne2
Bb7 14.Qb2 c5 15.cxd5 exd5 16.Rac1 a6 17.Rfd1 Qe7 18.a4 Rae8
19.a5 b5 20.dxc5 Ndxc5 21.Bb1 b4 22.Ne1 Rc8 23.Nd3 Qh4 24.g3
Qe7 25.Nxc5 Nxc5 26.Nf4 Rcd8 27.Rxc5 Qxc5 28.Ne6 Qe7 29.Nxf8
Qxf8 30.Qd4 g6 31.Qb6 Qe7 32.Rd4 Rc8 33.Bd3 Rc1+ 34.Kg2 Rc3 35.Bxa6
Bxa6 36.Qxa6 Rxb3 37.Qb5 Kg7 38.Qxd5 Rb2 39.a6 Qxe3 40.Qd7+ 1-0

[Event "Master Open"]
[Site "Voronezh"]
[Date "2017.06.21"]
[Round "9.10"]
[White "Savchenko, Boris"]
[Black "Belyakov, Bogdan"]
[Result "1/2-1/2"]
[WhiteElo "2639"]
[BlackElo "2476"]
[Annotator ""]
[Source ""]
[Remark ""]

1.d4 Nf6 2.c4 g6 3.Nf3 Bg7 4.g3 O-O 5.Bg2 d6 6.O-O c5 7.d5 a6
8.a4 a5 9.Nc3 Na6 10.h3 Nb4 11.Bg5 h6 12.Bxf6 exf6 13.Qd2 f5
14.h4 Bd7 15.Qf4 Qf6 16.Rac1 Rfe8 17.Bh3 Re7 18.b3 Rae8 19.Qd2
Bc8 20.Rfd1 Bd7 21.Kg2 Bc8 22.Kg1 Bd7 23.Kg2 Bc8 1/2-1/2

[Event "Master Open"]
[Site "Voronezh"]
[Date "2017.06.21"]
[Round "9.11"]
[White "Popov, Ivan"]
[Black "Cherniaev, Alexander"]
[Result "1-0"]
[WhiteElo "2619"]
[BlackElo "2425"]
[Annotator ""]
[Source ""]
[Remark ""]

1.e4 d6 2.d4 Nf6 3.Nc3 c6 4.f4 Qa5 5.Bd3 e5 6.Nf3 Nbd7 7.h3 Be7
8.O-O O-O 9.Be3 Qc7 10.Kh1 Nh5 11.Ne2 exf4 12.Bxf4 Nxf4 13.Nxf4
d5 14.e5 Rd8 15.Qe1 Nf8 16.Qg3 c5 17.c4 dxc4 18.Bxc4 cxd4 19.Rac1
Qb6 20.Nd5 Rxd5 21.Bxd5 Be6 22.Bxe6 Nxe6 23.Qf2 Rf8 24.Rc2 a5
25.Rfc1 Qd8 26.Qf1 b6 27.a3 Qd7 28.Qc4 a4 29.Qc6 Qxc6 30.Rxc6
Bc5 31.Ne1 Rb8 32.Rc4 Ra8 33.Nd3 Kf8 34.Kg1 Ke8 35.Kf1 Kd7 36.Nxc5+
bxc5 37.Rd6+ Kc7 38.Rc2 Ra7 39.Rf2 Nd8 40.Rd5 Ra5 41.Ke2 Rb5
42.Kd3 Nb7 43.Rxf7+ Kc6 44.Rdd7 Rb3+ 45.Ke4 Re3+ 1-0

[Event "Master Open"]
[Site "Voronezh"]
[Date "2017.06.21"]
[Round "9.12"]
[White "Kozionov, Kirill"]
[Black "Rozum, Ivan"]
[Result "0-1"]
[WhiteElo "2437"]
[BlackElo "2599"]
[Annotator ""]
[Source ""]
[Remark ""]

1.d4 Nf6 2.c4 e6 3.Nc3 Bb4 4.e3 b6 5.Nge2 Ne4 6.Bd2 Nxd2 7.Qxd2
O-O 8.a3 Be7 9.d5 exd5 10.cxd5 c5 11.d6 Bf6 12.Nd5 Nc6 13.Rd1
Bb7 14.Nec3 Be5 15.Nc7 Rc8 16.Ba6 Na5 17.Bxb7 Nxb7 18.N7b5 a6
19.Qd5 Bxc3+ 20.Nxc3 Rc6 21.O-O Nxd6 22.e4 b5 23.b3 Qa5 24.Rd3
c4 25.b4 Qd8 26.Rh3 Nc8 27.e5 Rg6 28.Rd1 d6 29.Rg3 Re6 30.Qd4
Ne7 31.Qg4 Ng6 32.f4 f5 33.exf6 Qxf6 34.Nd5 Qf5 35.Qxf5 Rxf5
36.Rf3 h5 37.Rf2 Re4 38.g3 Rf7 39.Rfd2 Ne7 40.Nxe7+ Rfxe7 41.Rxd6
Re2 42.R1d5 c3 43.Rd8+ Kf7 44.Rf5+ Kg6 45.Rdf8 R7e6 46.Rd5 c2
47.Rc8 R6e4 48.f5+ Kf6 49.Rc6+ Kf7 50.Rc7+ Re7 0-1

[Event "Master Open"]
[Site "Voronezh"]
[Date "2017.06.21"]
[Round "9.13"]
[White "Khanin, Semen"]
[Black "Bocharov, Dmitry"]
[Result "1/2-1/2"]
[WhiteElo "2436"]
[BlackElo "2579"]
[Annotator ""]
[Source ""]
[Remark ""]

1.e4 g6 2.d4 Bg7 3.Nc3 d6 4.f4 Nf6 5.Nf3 O-O 6.Bd3 Na6 7.O-O
c5 8.d5 Rb8 9.a4 Nb4 10.Bc4 e6 11.dxe6 Bxe6 12.Bxe6 fxe6 13.Qe2
Kh8 14.e5 dxe5 15.fxe5 Nfd5 16.Ne4 Qc7 17.c4 Nf4 18.Bxf4 Rxf4
19.Nfg5 Bxe5 20.Nxe6 Rxf1+ 21.Rxf1 Qe7 22.N4xc5 Nc6 23.Qf3 Re8
24.Kh1 Bxb2 25.h3 Bd4 26.Qd5 Bxc5 27.Nxc5 Rd8 28.Qe6 Qxe6 29.Nxe6
Re8 30.Rf6 Ne5 31.c5 Kg8 32.Nc7 Re7 33.Nd5 Rd7 34.Nc3 Kg7 35.Re6
Nc6 36.Nb5 a5 37.Nd6 Nb4 38.Nc4 Nc6 39.Nd6 Nb4 40.Nc4 Nc6 1/2-1/2

[Event "Master Open"]
[Site "Voronezh"]
[Date "2017.06.21"]
[Round "9.14"]
[White "Kryakvin, Dmitry"]
[Black "Peskov, Alexsey"]
[Result "1-0"]
[WhiteElo "2572"]
[BlackElo "2394"]
[Annotator ""]
[Source ""]
[Remark ""]

1.c4 e6 2.g3 d5 3.Bg2 dxc4 4.Qa4+ Bd7 5.Qxc4 Bc6 6.Nf3 Nf6 7.O-O
Qd5 8.Qc2 Qh5 9.Nc3 Nbd7 10.e4 Ne5 11.Nxe5 Qxe5 12.d4 Qxd4 13.Bf4
Bb4 14.e5 Nd5 15.Nxd5 exd5 16.Rfd1 Qc5 17.Qf5 Qe7 18.Bxd5 Bxd5
19.Rxd5 c6 20.Rd3 g6 21.Qg4 h5 22.Qd1 Bc5 23.Qc2 O-O 24.Rad1
b6 25.a3 Qe6 26.h4 Rfe8 27.R1d2 Be7 28.Qd1 c5 29.Rd7 c4 30.Qf3
a6 31.Bg5 Rac8 32.R2d5 Rc5 33.Rxe7 Rxe7 34.Rxc5 bxc5 35.Bxe7
Qxe7 36.Qa8+ Kh7 37.Qxa6 c3 38.bxc3 Qxe5 39.Qc4 Kg8 40.Kh2 Qc7
41.a4 Qa5 42.Kg1 Qa8 43.Qb5 Qf3 44.a5 Qxc3 45.a6 Qe1+ 46.Kg2
Qe4+ 47.Kh2 Qd4 48.Qb7 c4 49.Kg2 1-0